000 00365nam a22001337a 4500
008 150930b xxu||||| |||| 00| 0 eng d
020 _a0717245047
050 _aPE 1591 .N49 1986
100 _d1986
245 _aThe new webster's thesaurus.
260 _aNewYork:
_bLexicon,
_c1986.
300 _a265p.
942 _2lcc
_cREF_BOOK
_hPE 1591 .N49 1986
999 _c6824
_d6824